Govt. of
Madhya Pradesh

Rajendra Prasad (Record no. 35733)

MARC details
000 -LEADER
fixed length control field 004440000a22001690004500
003 - CONTROL NUMBER IDENTIFIER
control field MACL
005 - DATE AND TIME OF LATEST TRANSACTION
control field 20160110172515.0
008 - FIXED-LENGTH DATA ELEMENTS--GENERAL INFORMATION
fixed length control field 160110b xxu||||| |||| 00| 0 eng d
040 ## - CATALOGING SOURCE
Original cataloging agency MACL
Transcribing agency MACL
041 ## - LANGUAGE CODE
Language code of text/sound track or separate title English
082 ## - DEWEY DECIMAL CLASSIFICATION NUMBER
Classification number 923.2/PAN
100 ## - MAIN ENTRY--PERSONAL NAME
Personal name Panjabi, Kewal L.
9 (RLIN) 31117
245 ## - TITLE STATEMENT
Title Rajendra Prasad
Remainder of title First President of India
260 ## - PUBLICATION, DISTRIBUTION, ETC. (IMPRINT)
Name of publisher, distributor, etc. Machmillan & co
Date of publication, distribution, etc. 1960
Place of publication, distribution, etc. Madras
650 ## - SUBJECT ADDED ENTRY--TOPICAL TERM
Topical term or geographic name as entry element Biography
9 (RLIN) 31118
942 ## - ADDED ENTRY ELEMENTS (KOHA)
Koha item type Books
Call number prefix 923.2/Pan
Source of classification or shelving scheme
Holdings
Withdrawn status Lost status Source of classification or shelving scheme Damaged status Not for loan Home library Current library Date acquired Total Checkouts Full call number Barcode Date last seen Uniform Resource Identifier Price effective from Koha item type
          MACL MACL 15/04/2015   923.2/PAN CLE014939 29/04/2015 35941 15/04/2015 Books